| 000 | 00469nam a22001817a 4500 | ||
|---|---|---|---|
| 003 | CEME | ||
| 005 | 20210628203248.0 | ||
| 008 | 210203b xxu||||| |||| 00| 0 eng d | ||
| 020 | _a0-02-671530-9 | ||
| 040 | _c. | ||
| 082 | _a684.08 HUT | ||
| 100 |
_aHutchings, Gilbert R, Martin, G. Eugene, Coleman, Mario _964369 |
||
| 245 | _aWorking with wood | ||
| 260 |
_aNEW YORK _bMCGRAW HILL _c1982 |
||
| 300 | _a437P | ||
| 650 |
_aWOOD WORKING _964370 |
||
| 942 |
_cBK _2ddc |
||
| 999 |
_c572884 _d572884 |
||